Functional analysis (Record no. 23933)

MARC details
000 -LEADER
fixed length control field 00610nam a22002177a 4500
003 - CONTROL NUMBER IDENTIFIER
control field OSt
005 - DATE AND TIME OF LATEST TRANSACTION
control field 20220218121503.0
008 - FIXED-LENGTH DATA ELEMENTS--GENERAL INFORMATION
fixed length control field 201103b ||||| |||| 00| 0 eng d
020 ## - INTERNATIONAL STANDARD BOOK NUMBER
International Standard Book Number 9789386286093
040 ## - CATALOGING SOURCE
Transcribing agency CURAJ
082 ## - DEWEY DECIMAL CLASSIFICATION NUMBER
Classification number 515.7
Item number L62F
100 ## - MAIN ENTRY--PERSONAL NAME
Personal name Limaye, Balmohan V
245 ## - TITLE STATEMENT
Title Functional analysis
Statement of responsibility, etc by Balmohan V Limaye
250 ## - EDITION STATEMENT
Edition statement 3rd rev. ed.
260 ## - PUBLICATION, DISTRIBUTION, ETC. (IMPRINT)
Place of publication, distribution, etc New Delhi
Name of publisher, distributor, etc New Age International (P) Ltd.
Date of publication, distribution, etc 2019
300 ## - PHYSICAL DESCRIPTION
Extent xii, 612p.
Other physical details Paperback
500 ## - GENERAL NOTE
General note UGC Start-Up Research Grant: Mathematics Project
653 ## - INDEX TERM--UNCONTROLLED
Uncontrolled term Mathematics
653 ## - INDEX TERM--UNCONTROLLED
Uncontrolled term Functional analysis
942 ## - ADDED ENTRY ELEMENTS (KOHA)
Koha item type Books
Source of classification or shelving scheme Dewey Decimal Classification
Holdings
Withdrawn status Lost status Source of classification or shelving scheme Damaged status Not for loan Collection code Home library Current library Date acquired Source of acquisition Total Checkouts Full call number Barcode Checked out Date last seen Date checked out Koha item type
    Dewey Decimal Classification     General Text Book Central University Of Rajasthan Central University Of Rajasthan 22/10/2020 MTH(P) 1 515.7 L62F 34294 03/11/2020 03/11/2020 03/11/2020 Books